000 01384nam a22004097a 4500
003 CHAP
005 20220329140718.0
008 971013s1987 r 00010 d
010 _a56395
011 _a57367
035 _a61522
040 _cCHAP
090 _aTesis
100 0 0 _aZepeda Carrillo, Armando.
_9123917
245 _aRelaciones entre agua de riego, suelo y vid (Vitis vinifera L.) de un viñedo en Zacatecas
260 _aChapingo, Méx. :
_bEl autor,
_c1987
300 _a291 h.
_b; gráf.
502 _aTesis (Ing. Agr. Esp. en Fitotecnia) -- UACH. Departamento de Fitotecnia
590 _aALEPH
_b10
_c20130110
_lUCH01
_h1334
590 _aBATCH-UPD
_b10
_c20130110
_lUCH01
_h0606
590 _aBATCH-UPD
_b10
_c20130110
_lUCH01
_h2331
590 _aBATCH-UPD
_b10
_c20130410
_lUCH01
_h0248
590 _aBATCH-UPD
_b10
_c20130410
_lUCH01
_h1620
590 _aBATCH-UPD
_b10
_c20130914
_lUCH01
_h1320
590 _aCONVERSION
_b10
_c20130109
_lUCH01
_h1330
650 1 4 _aRaíces
_994670
650 1 4 _aSuelos salinos.
_9110558
650 1 4 _aVid
_xIrrigación.
_9119122
650 1 4 _aVid
_xRendimiento.
_9119139
650 1 4 _aVid
_xVariedades.
_9119141
650 1 4 _aVid
_xZacatecas.
_9119144
700 0 _aEsparza Fausto, Gastón.
_937753
700 0 _aRocha Ramos, Mario.
_998193
901 _aBK
942 _cTESIS
949 _bBC
_cTES
_d-132138
_eTS1
_h20031
_i61522
_si
999 _c56395
_d56395